| 000 -ლიდერი |
| ფიქსირებული სიგრძის საკონტროლო ველი |
00973nam a2200217Ia 4500 |
| 001 - საკონტროლო ნომერი |
| საკონტროლო ველი |
19660 |
| 003 - საკონტროლო ნომრის იდენტიფიკატორი |
| საკონტროლო ველი |
GE_BSU |
| 005 - ბოლო ოპერაციის თარიღი და დრო |
| საკონტროლო ველი |
20200315182814.0 |
| 008 - ფიქსირებული სიგრძის მონაცემთა ელემენტები - ზოგადი ინფორმაცია |
| ფიქსირებული სიგრძის საკონტროლო ველი |
181216s2017||||ge |||||||||||||| ||geo|| |
| 020 ## - წიგნის საერთაშორისო სტანდარტული ნომერი |
| International Standard Book Number |
9789941094859 |
| 040 ## - კატალოგიზაციის წყარო |
| Transcribing agency |
GE_BSU |
| 041 ## - ენის კოდი |
| Language code of text/sound track or separate title |
geo |
| 080 ## - უნივერსალური ათობითი კლასიფიკაციის ინდექსი |
| Universal Decimal Classification number |
398.5(=353.1)(560) შ-67 |
| 100 ## - მთავარი ჩანაწერი - პიროვნების სახელი |
| Personal name |
შიოშვილი, თინა |
| 9 (RLIN) |
1855 |
| 245 ## - ცნობა სათაურის შესახებ |
| Title |
ისტორიული სამხრეთ საქართველოს ზეპირსიტყვიერება II კლარჯული ფოლკლორი = HISTORIAL SOUTH GEORGIAN FOLKLORE II KLARGIAN FOLKLORE / |
| Statement of responsibility, etc |
თინა შიოშვილი ; რედ. მამია ფაღავა. |
| 264 ## - წარმოების, გამოცემის, დისტრიბუციის და სხვა ცნობები |
| გამოცემის, წარმოების, დისტრიბუციის... ადგილი |
თბილისი : |
| გამოცემის, წარმოების, დისტრიბუციის... სახელწოდება |
სეზანი, |
| გამოცემის, წარმოების, დისტრიბუციის... თარიღი |
2017. |
| 300 ## - ფიზიკური აღწერა |
| Extent |
648 გვ. : |
| Other physical details |
ილ. ; |
| Dimensions |
20 სმ. |
| 653 ## - INDEX TERM--UNCONTROLLED |
| Uncontrolled term |
ფოლკლორი |
| 700 ## - ADDED ENTRY--PERSONAL NAME |
| Personal name |
ფაღავა, მამია |
| Relator term |
რედაქტორი |
| 9 (RLIN) |
7735 |
| 942 ## - ADDED ENTRY ELEMENTS (KOHA) |
| Koha item type |
წიგნი |
| Source of classification or shelving scheme |
|